MARC

LEADER 00000nam0a2200000 4500
001 44003
005 20231031021742.0
010 |a 5222005380 
035 |a (RuTPU)RU\TPU\book\45632 
090 |a 44003 
100 |a 20021104d1999 m y0rusy50 ca 
101 0 |a rus 
102 |a RU 
105 |a a jz 001zy 
200 1 |a Работы по металлу  |e Пособие для начинающего мастера  |f Е. Коваль 
210 |a Ростов-на-Дону  |c Феникс  |d 1999 
215 |a 317 с.  |c ил. 
225 1 |a Для дома и заработка 
320 |a Словарь: с. 308-314. 
610 1 |a металлообработка 
610 1 |a проволока 
610 1 |a изделия 
610 1 |a чеканка 
610 1 |a басма 
610 1 |a листовой металл 
610 1 |a просечный металл 
610 1 |a литье 
610 1 |a гравирование 
610 1 |a кузнечное производство 
610 1 |a термическая обработка 
610 1 |a шлифование 
610 1 |a полирование 
610 1 |a поверхности 
610 1 |a обработка 
610 1 |a травление 
610 1 |a лужение 
610 1 |a меднение 
610 1 |a никелирование 
610 1 |a гальванические покрытия 
610 1 |a эмалирование 
610 1 |a техника безопасности 
610 1 |a пособия 
675 |a 621.7  |v 3 
700 1 |a Коваль  |b Е. 
801 1 |a RU  |b 63413507  |c 20021104  |g PSBO 
801 2 |a RU  |b 63413507  |c 20040116  |g PSBO 
942 |c BK